La Concentración del capital financiero (estadística)

Сохранить в:
Библиографические подробности
Формат: Текст
Метки: Добавить метку
Нет меток, Требуется 1-ая метка записи!

MARC

LEADER 00000 a a2200000 04500
001 3135
003
040
245 |a La Concentración del capital financiero (estadística)  
773 |g número 1; páginas 90-103  
999 |c 26448  |d 26448